<?xml version="1.0" encoding="UTF-8"?>
<record
    xmlns:xsi="http://www.w3.org/2001/XMLSchema-instance"
    xsi:schemaLocation="http://www.loc.gov/MARC21/slim http://www.loc.gov/standards/marcxml/schema/MARC21slim.xsd"
    xmlns="http://www.loc.gov/MARC21/slim">

  <leader>01608nam a22003377a 4500</leader>
  <controlfield tag="003">OSt</controlfield>
  <controlfield tag="005">20260601160302.0</controlfield>
  <controlfield tag="008">260601b        |||||||| |||| 00| 0 eng d</controlfield>
  <datafield tag="040" ind1=" " ind2=" ">
    <subfield code="a">Foundation University Library </subfield>
    <subfield code="b">eng</subfield>
    <subfield code="c">Foundation University Library</subfield>
    <subfield code="e">rda</subfield>
  </datafield>
  <datafield tag="050" ind1=" " ind2=" ">
    <subfield code="a">GS (DocEd-Dis) LG 221 D35 G73</subfield>
    <subfield code="b">A6 E38 A36 1995 C36</subfield>
  </datafield>
  <datafield tag="100" ind1=" " ind2=" ">
    <subfield code="a">Canoy, Heracelia S.,</subfield>
    <subfield code="e">author</subfield>
    <subfield code="9">5777</subfield>
  </datafield>
  <datafield tag="245" ind1=" " ind2=" ">
    <subfield code="a">An assessment of manpower status of the banking industry in Dumaguete City :</subfield>
    <subfield code="b">a basis for enrichment of the business education program /</subfield>
    <subfield code="c">by Heracelia S. Canoy.</subfield>
  </datafield>
  <datafield tag="260" ind1=" " ind2=" ">
    <subfield code="a">Dumaguete City : </subfield>
    <subfield code="b">Foundation University,</subfield>
    <subfield code="c">1995.</subfield>
  </datafield>
  <datafield tag="264" ind1=" " ind2=" ">
    <subfield code="4">1995.</subfield>
  </datafield>
  <datafield tag="300" ind1=" " ind2=" ">
    <subfield code="a">iv, 84 leaves :</subfield>
    <subfield code="b">illustrations ;</subfield>
    <subfield code="c">28 cm</subfield>
    <subfield code="3">dissertation</subfield>
    <subfield code="f">leaves</subfield>
  </datafield>
  <datafield tag="336" ind1=" " ind2=" ">
    <subfield code="3">rdacontent</subfield>
    <subfield code="a">text</subfield>
    <subfield code="b">txt</subfield>
  </datafield>
  <datafield tag="337" ind1=" " ind2=" ">
    <subfield code="3">rdamedia</subfield>
    <subfield code="a">unmediated</subfield>
    <subfield code="b">n</subfield>
  </datafield>
  <datafield tag="338" ind1=" " ind2=" ">
    <subfield code="3">GS-DocEd-Diss</subfield>
    <subfield code="a">volume</subfield>
    <subfield code="b">nc</subfield>
    <subfield code="2">rdacarrier</subfield>
  </datafield>
  <datafield tag="490" ind1=" " ind2=" ">
    <subfield code="a">GS-DocEd-Diss</subfield>
  </datafield>
  <datafield tag="502" ind1=" " ind2=" ">
    <subfield code="a">Graduate dissertation (Doctor of Education) -- Foundation University, 1995.</subfield>
  </datafield>
  <datafield tag="504" ind1=" " ind2=" ">
    <subfield code="a">Includes bibliographical references and appendices.
</subfield>
  </datafield>
  <datafield tag="650" ind1=" " ind2=" ">
    <subfield code="a">Bank employees</subfield>
    <subfield code="z">Philippines. </subfield>
    <subfield code="9">16927</subfield>
  </datafield>
  <datafield tag="650" ind1=" " ind2=" ">
    <subfield code="a">Banks and banking</subfield>
    <subfield code="x">Personnel management.</subfield>
    <subfield code="9">16928</subfield>
  </datafield>
  <datafield tag="650" ind1=" " ind2=" ">
    <subfield code="a">Manpower planning.</subfield>
    <subfield code="9">16929</subfield>
  </datafield>
  <datafield tag="650" ind1=" " ind2=" ">
    <subfield code="a">Business education</subfield>
    <subfield code="z">Philippines. </subfield>
    <subfield code="9">13759</subfield>
  </datafield>
  <datafield tag="650" ind1=" " ind2=" ">
    <subfield code="a">School-business relationships.</subfield>
    <subfield code="9">16930</subfield>
  </datafield>
  <datafield tag="650" ind1=" " ind2=" ">
    <subfield code="a">Personnel management.</subfield>
  </datafield>
  <datafield tag="658" ind1=" " ind2=" ">
    <subfield code="a">Dissertation Writing 2 :</subfield>
    <subfield code="b">Industrial Engineering, Bachelor of Science in ;</subfield>
    <subfield code="c">EDD 101 .</subfield>
  </datafield>
  <datafield tag="900" ind1=" " ind2="0">
    <subfield code="4">Sapalaran, James O., cataloger</subfield>
  </datafield>
  <datafield tag="942" ind1=" " ind2=" ">
    <subfield code="2">lcc</subfield>
    <subfield code="c">DS</subfield>
    <subfield code="n">0</subfield>
    <subfield code="h">LG 221 D35 G73</subfield>
    <subfield code="i">A6 E38 A36 1995 C36</subfield>
    <subfield code="k">GS (DocEd-Dis) </subfield>
  </datafield>
  <datafield tag="999" ind1=" " ind2=" ">
    <subfield code="c">6208</subfield>
    <subfield code="d">6208</subfield>
  </datafield>
  <datafield tag="952" ind1=" " ind2=" ">
    <subfield code="0">0</subfield>
    <subfield code="1">0</subfield>
    <subfield code="2">lcc</subfield>
    <subfield code="4">0</subfield>
    <subfield code="7">0</subfield>
    <subfield code="a">FOUNDATION</subfield>
    <subfield code="b">FOUNDATION</subfield>
    <subfield code="c">MAIN-THE,DISS</subfield>
    <subfield code="d">2026-06-01</subfield>
    <subfield code="e">Donated</subfield>
    <subfield code="l">0</subfield>
    <subfield code="o">GS (DocEd-Dis) LG 221 D35 G73 A6 E38 A36 1995 C36</subfield>
    <subfield code="p">0232026007006</subfield>
    <subfield code="r">2026-06-01 16:02:28</subfield>
    <subfield code="w">2026-06-01</subfield>
    <subfield code="y">DS</subfield>
    <subfield code="k">DocEd-Dis-2026006</subfield>
  </datafield>
</record>
